[Event "Oberpfalz-ch M2"]
[Site "Regensburg"]
[Date "2006.04.11"]
[Round "7"]
[White "Oberhofer, Hans"]
[Black "Baumann, Rainer"]
[Result "1/2-1/2"]
[WhiteElo "1777"]
[BlackElo "1687"]
[PlyCount "85"]
[EventDate "2006.04.08"]
[EventType "swiss"]
[EventRounds "8"]
[EventCountry "GER"]
[SourceTitle "EXT 2022"]
[Source "ChessBase"]
[SourceDate "2021.10.06"]
[SourceVersion "1"]
[SourceVersionDate "2021.10.06"]
[SourceQuality "1"]

1. e4 c5 2. c3 Nc6 3. d4 cxd4 4. cxd4 e6 5. Nf3 Bb4+ 6. Nc3 Nf6 7. Bd3 d5 8. e5 Ne4 9. Qc2 Qa5 10. Bd2 Nxd2 11. Qxd2 Bd7 12. 0-0 h6 13. a3 Bxc3 14. bxc3 Rc8 15. Rfc1 0-0 16. Bb1 Qd8 17. Ne1 f5 18. exf6 Qxf6 19. Nf3 Be8 20. Qd3 g6 21. Re1 Rc7 22. Ra2 Rg7 23. Rae2 Bd7 24. Qe3 g5 25. Ne5 Nxe5 26. Qxe5 Qxe5 27. Rxe5 Rgf7 28. f3 Rc8 29. R5e3 Kg7 30. Ba2 Rc7 31. Bb3 Rf8 32. a4 Rfc8 33. Rc1 Kf6 34. Kf2 Kf7 35. Ke2 b5 36. axb5 Bxb5+ 37. Kd2 Rb8 38. Ree1 Rcb7 39. Bc2 Bc4 40. Rb1 Rxb1 41. Rxb1 Rxb1 42. Bxb1 Kf6 43. Ke3 1/2-1/2